Smiths : tutti i testi con traduzione a fronte /
I tiakina i:
| Kaituhi rangatōpū: | |
|---|---|
| Ētahi atu kaituhi: | |
| Hōputu: | Pukapuka |
| Reo: | Itāriana |
| I whakaputaina: |
Milano :
Arcana,
1988
|
| Putanga: | 2. ed |
| Rangatū: | MusiQa ;
24 |
| Ngā Tūtohu: |
Kāore He Tūtohu, Me noho koe te mea tuatahi ki te tūtohu i tēnei pūkete!
|
MARC
| LEADER | 00000nam a22000007i 4500 | ||
|---|---|---|---|
| 001 | IT\ICCU\LO1\0059692 | ||
| 003 | ItRI | ||
| 005 | 20260115231944.0 | ||
| 008 | 911107s1988 it |||||| ||||| |||||c | ||
| 020 | |a 8885859240 | ||
| 040 | |b ita |c importazione bologna sebina | ||
| 041 | 7 | |a ita |2 ISO-639-2 | |
| 082 | |a 784.5405 |9 CANZONI A LARGA DIFFUSIONE. ROCK. Parole per il canto e la recitazione |2 19 | ||
| 110 | 2 | |a <<The >>Smiths (gruppo musicale) |0 IT\ICCU\REAV\088901 |4 aut | |
| 245 | 0 | 0 | |a Smiths : |b tutti i testi con traduzione a fronte / |c a cura di Alberto Campo. |
| 250 | |a 2. ed | ||
| 260 | |a Milano : |b Arcana, |c 1988 | ||
| 300 | |a 212 p. ; |c 22 cm | ||
| 700 | 1 | |a Campo, Alberto |0 IT\ICCU\LO1V\031196 | |
| 830 | 0 | |a MusiQa ; |v 24 |0 IT\ICCU\CFI\0003309 | |
| 942 | |2 ddc |c BK |n 0 | ||
| 952 | |0 0 |1 0 |4 0 |6 DOC_782_421000000000000_CAM |7 0 |9 17789 |a BO |b BO |d 2026-01-15 |i 1792 |l 0 |o DOC 782.421 CAM |p BO1792 |r 2026-01-15 23:19:44 |w 2026-01-15 |x [Sebina 5] [1 v.] |y BK |z 1 v. | ||
| 999 | |c 15132 |d 15132 | ||